Vista normal
Vista MARC
Entrada Personal Name
Número de registros utilizados en: 1
001 - CONTROL NUMBER
- control field: 17975
003 - CONTROL NUMBER IDENTIFIER
- control field: DLC
005 - DATE AND TIME OF LATEST TRANSACTION
- control field: 20260327093634.0
008 - FIXED-LENGTH DATA ELEMENTS
- fixed length control field: 070503n| acannaabn |n aaa
010 ## - LIBRARY OF CONGRESS CONTROL NUMBER
- LC control number: n 2007031173
040 ## - CATALOGING SOURCE
- Original cataloging agency: DLC
- Language of cataloging: spa
- Transcribing agency: Mx-PuUPA
- Modifying agency: Mx-PuUPA
- Description conventions: rda
100 1# - HEADING--PERSONAL NAME
- Personal name: Villena, Alejandro,
373 ## - ASSOCIATED GROUP
- Associated group: Asociación Dale Una Vuelta (DUV)
374 ## - OCCUPATION
- Occupation: Autor
- Occupation: Psicólogo general sanitario
- Occupation: Sexólogo clínico
- Occupation: Director clínico y de investigación
375 ## - GENDER
- Gender: hombre
377 ## - ASSOCIATED LANGUAGE
- Language code: spa
670 ## - SOURCE DATA FOUND
- Source citation: Villena, Alejandro. El mundo invisible, 2005:
- Information found: t.p. (Alejandro Villena)